Normal view
MARC view
- Farris, Martin T.
Entry Personal Name
001 - CONTROL NUMBER
- control field: 106964
003 - CONTROL NUMBER IDENTIFIER
- control field: NUST
005 - DATE AND TIME OF LATEST TRANSACTION
- control field: 20230118122910.0
008 - FIXED-LENGTH DATA ELEMENTS
- fixed length control field: 230118|| aca||aabn | a|a d
040 ## - CATALOGING SOURCE
- Original cataloging agency: NUST
- Transcribing agency: NUST
100 ## - HEADING--PERSONAL NAME
- Personal name: Farris, Martin T.
670 ## - SOURCE DATA FOUND
- Source citation: Work cat.: (NUST)185344: Sampson, Roy J. 106963, Domestic transportation :, c1979.
